La Provincia y la Ley de Régimen del Suelo
Colección:
San Jorge,
; núm. 23 (juliol 1956), pàg 3-5
Materias:
Espanya. -- Ley de 12 de mayo de 1956 sobre régimen del suelo y ordenación urbana
; Urbanisme -- Dret i legislació -- Espanya
; Sòls -- Dret i legislació -- Espanya
Idioma:
Español
MARC
| LEADER | 00000naa a2200000 a 4500 | ||
|---|---|---|---|
| 003 | Arxiu | ||
| 005 | 20260324181506.0 | ||
| 008 | 160829s1956 spcaxx s spa c | ||
| 040 | |a AGDB | ||
| 245 | 0 | 3 | |a La Provincia y la Ley de Régimen del Suelo |
| 490 | |a San Jorge, |v núm. 23 (juliol 1956), pàg 3-5 | ||
| 610 | 1 | 0 | |9 56569 |a Espanya. |t Ley de 12 de mayo de 1956 sobre régimen del suelo y ordenación urbana |
| 650 | |a Urbanisme |x Dret i legislació |x Espanya |9 25333 | ||
| 650 | |a Sòls |x Dret i legislació |x Espanya |9 29282 | ||
| 773 | |g Núm. 23 (juliol 1956), pàg 3-5 |t San Jorge. | ||
| 901 | |a Arxiu | ||
| 942 | |n 1 |2 udc |c ART | ||
| 952 | |0 0 |1 0 |4 0 |6 REV511 |7 1 |9 66495 |a Arxiu |b Arxiu |d 2023-06-16 |l 0 |o Rev-511 |r 2023-06-16 00:00:00 |w 2023-06-16 |y ARXIU |z També disponible a Rev-525 | ||
| 999 | |c 47783 |d 47783 | ||